Microprocessors & Interfacing (Record no. 4868)

MARC details
000 -LEADER
fixed length control field 00404nam a22001697a 4500
005 - DATE AND TIME OF LATEST TRANSACTION
control field 20180131121239.0
008 - FIXED-LENGTH DATA ELEMENTS--GENERAL INFORMATION
fixed length control field 160630b xxu||||| |||| 00| 0 eng d
020 ## - INTERNATIONAL STANDARD BOOK NUMBER
ISBN 81-89757-27-X
041 ## - LANGUAGE CODE
Language code of text/sound track or separate title eng
082 ## - DEWEY DECIMAL CLASSIFICATION NUMBER
Classification number 004.16
100 ## - MAIN ENTRY--AUTHOR NAME
Personal name Marriwala Nikhil
245 ## - TITLE STATEMENT
Title Microprocessors & Interfacing
260 ## - PUBLICATION, DISTRIBUTION, ETC. (IMPRINT)
Name of publisher Katson
Year of publication 2011
300 ## - PHYSICAL DESCRIPTION
Number of Pages 838p.
650 ## - SUBJECT ADDED ENTRY--TOPICAL TERM
Topical Term Diploma Engineering
942 ## - ADDED ENTRY ELEMENTS (KOHA)
Koha item type Books
Holdings
Lost status Damaged status Home library Current library Shelving location Date acquired Cost, normal purchase price Full call number Accession Number Koha item type Collection code Source of acquisition
    JRU Library   Shelf - 26- M 30/06/2016 410.00 13226 13218 Books    
    JRU Library   SHELF-31-D 30/06/2016 410.00 13226 13219 Books    
    JRU Library JRU Library SHELF-74-H 30/06/2016 410.00 13226 13220 Books CS/IT  
    JRU Library JRU Library SHELF-74-H 30/06/2016 410.00 13226 13221 Books CS/IT  
    JRU Library JRU Library SHELF-48-H 30/06/2016 410.00 004.16 13222 Books CS/IT PURCHASE
    JRU Library JRU Library SHELF-74-J 30/06/2016 410.00 13226 13223 Books CS/IT  
    JRU Library   SHELF-1-F 30/06/2016 410.00 13226 13224 Books    
    JRU Library   Shelf - 25- N 30/06/2016 410.00 13226 13225 Books    
    JRU Library JRU Library SHELF-74-H 30/06/2016 410.00 13226 13226 Books CS/IT  
    JRU Library JRU Library SHELF-74-I 30/06/2016 410.00 13226 13227 Books CS/IT  
    JRU Library   Shelf - 26- M 30/06/2016 410.00 13226 13228 Books    
    JRU Library JRU Library SHELF-48-H 30/06/2016 410.00 004.16 13229 Books CS/IT PURCHASE
    JRU Library   SHELF-1-F 30/06/2016 410.00 13226 13230 Books    
    JRU Library   Shelf - 26- H 30/06/2016 410.00 13226 13231 Books    
    JRU Library JRU Library SHELF-74-H 30/06/2016 410.00 13226 13232 Books CS/IT  
    JRU Library JRU Library SHELF-74-I 30/06/2016 410.00 13226 13233 Books CS/IT  
    JRU Library   Shelf - 26- N 30/06/2016 410.00 13226 13234 Books    
    JRU Library   SHELF-1-F 30/06/2016 410.00 13226 13235 Books    
    JRU Library JRU Library SHELF-74-I 30/06/2016 410.00 13226 13236 Books CS/IT  
    JRU Library JRU Library SHELF-48-I 30/06/2016 410.00 004.16 13237 Books CS/IT PURCHASE
    JRU Library JRU Library SHELF-74-J 30/06/2016 410.00 13226 13238 Books CS/IT  
    JRU Library   Shelf - 26- M 01/12/2020   004.16   Books